[Event "NED-ch U16"]
[Site "Almelo"]
[Date "2021.08.05"]
[Round "5"]
[White "Van Kuijk, Vadim"]
[Black "Zubair, Saad"]
[Result "1-0"]
[WhiteElo "1722"]
[BlackElo "1645"]
[PlyCount "93"]
[EventDate "2021.08.01"]
[EventType "swiss"]
[EventRounds "7"]
[EventCountry "NED"]
[SourceTitle "EXT 2022"]
[Source "ChessBase"]
[SourceDate "2021.10.06"]
[SourceVersion "1"]
[SourceVersionDate "2021.10.06"]
[SourceQuality "1"]

1. e4 c5 2. Nf3 e6 3. d4 cxd4 4. Nxd4 f5 5. exf5 exf5 6. Qf3 Nf6 7. Nxf5 Kf7 8. Bg5 Bb4+ 9. c3 Re8+ 10. Be2 Bc5 11. 0-0 d6 12. Bc4+ Kf8 13. Nd2 Nc6 14. Bxf6 Qxf6 15. Ng3 Qxf3 16. Nxf3 h6 17. Rad1 Bg4 18. b4 Bxf3 19. gxf3 Bb6 20. Rxd6 Re7 21. Nf5 Re5 22. Nh4 Rg5+ 23. Kh1 Ne5 24. Bd5 Bc7 25. f4 Rh5 26. Re6 Ng4 27. Ng6+ Kg8 28. Re5+ Kh7 29. Rxh5 Kxg6 30. Rh3 Bxf4 31. f3 Ne3 32. Be4+ Kf6 33. Rg1 g5 34. Rxh6+ Ke5 35. h4 g4 36. Rh5+ Ke6 37. c4 g3 38. Bd5+ Kf6 39. Re1 Re8 40. Be4 g2+ 41. Kg1 b6 42. c5 Rg8 43. c6 Bg3 44. Rc1 Nf1 45. Rg5 Bh2+ 46. Kxg2 Rd8 47. Kxf1 1-0

[Event "NED-ch U16"]
[Site "Almelo"]
[Date "2021.08.02"]
[Round "2"]
[White "Franke, Daniel"]
[Black "Zubair, Saad"]
[Result "0-1"]
[WhiteElo "1554"]
[BlackElo "1645"]
[PlyCount "44"]
[EventDate "2021.08.01"]
[EventType "swiss"]
[EventRounds "7"]
[EventCountry "NED"]
[SourceTitle "EXT 2022"]
[Source "ChessBase"]
[SourceDate "2021.10.06"]
[SourceVersion "1"]
[SourceVersionDate "2021.10.06"]
[SourceQuality "1"]

1. e4 c5 2. Nf3 e6 3. Nc3 Nf6 4. Bc4 d5 5. exd5 exd5 6. Bb3 Be7 7. d3 0-0 8. 0-0 Bg4 9. h3 Bh5 10. Bf4 a6 11. Ne2 Bxf3 12. gxf3 Qc8 13. Nc3 c4 14. dxc4 dxc4 15. Qe2 Nc6 16. Qxc4 Qxh3 17. Bg3 g5 18. Nd5 h5 19. Qd3 Rac8 20. Nxf6+ Bxf6 21. Qg6+ Bg7 22. Qxg5 Nd4 0-1

[Event "NED-ch U16"]
[Site "Almelo"]
[Date "2021.08.01"]
[Round "1"]
[White "Zubair, Saad"]
[Black "Achuthan, Dylan"]
[Result "0-1"]
[WhiteElo "1645"]
[BlackElo "1888"]
[PlyCount "78"]
[EventDate "2021.08.01"]
[EventType "swiss"]
[EventRounds "7"]
[EventCountry "NED"]
[SourceTitle "EXT 2022"]
[Source "ChessBase"]
[SourceDate "2021.10.06"]
[SourceVersion "1"]
[SourceVersionDate "2021.10.06"]
[SourceQuality "1"]

1. d4 Nf6 2. c4 g6 3. Nc3 d5 4. Bg5 Ne4 5. Nxe4 dxe4 6. e3 c6 7. Qd2 Bg7 8. f4 c5 9. d5 b5 10. cxb5 a6 11. Ne2 f5 12. Nc3 Qd6 13. Bc4 Nd7 14. Rd1 Nb6 15. b3 h6 16. Bh4 e5 17. Ne2 exf4 18. exf4 Nxc4 19. bxc4 axb5 20. cxb5 Ra3 21. 0-0 Rd3 22. Qa5 0-0 23. Bf2 Bb7 24. Rxd3 exd3 25. Nc3 Ra8 26. Ne4 fxe4 27. Qd2 Qxd5 28. Qe3 Bd4 29. Qg3 Bxf2+ 30. Rxf2 Qf5 31. Qe3 Rd8 32. h3 Qd5 33. Qg3 Rd6 34. f5 d2 35. f6 d1Q+ 36. Kh2 Kf7 37. Qf4 g5 38. Qg3 Re6 39. Qc7+ Qd7 0-1